[Event "BIH-chT 21st"]
[Site "Sarajevo"]
[Date "2023.11.08"]
[Round "9.3"]
[White "Ozen, Deniz"]
[Black "Vukic, Milan"]
[Result "1/2-1/2"]
[WhiteElo "2389"]
[BlackElo "2362"]
[PlyCount "59"]
[EventDate "2023.10.31"]
[EventType "team-tourn"]
[EventRounds "9"]
[EventCountry "BIH"]
[SourceTitle "Mega2024 Update 01"]
[Source "Chessbase"]
[SourceDate "2023.11.12"]
[SourceVersion "1"]
[SourceVersionDate "2023.11.12"]
[SourceQuality "1"]
[WhiteTeam "Busovaca Hrasno"]
[BlackTeam "Bihac"]
[WhiteTeamCountry "BIH"]
[BlackTeamCountry "BIH"]

1. d4 Nf6 2. Bf4 d6 3. Nc3 Nbd7 4. Nf3 c5 5. d5 Qa5 6. a4 Ne4 7. Qd3 Ndf6 8. Bd2 Nxc3 9. Bxc3 c4 10. Bxa5 cxd3 11. cxd3 Nxd5 12. e4 Nf6 13. Rc1 e6 14. Nd2 d5 15. e5 Nd7 16. d4 a6 17. Bd3 b6 18. Bc3 Be7 19. f4 0-0 20. Nf3 Nb8 21. Ke2 Bd7 22. b3 Rc8 23. Bd2 Nc6 24. Rc2 Nb4 25. Rxc8+ Rxc8 26. Rc1 Rxc1 27. Bxc1 b5 28. axb5 Nxd3 29. Kxd3 Bxb5+ 30. Ke3 1/2-1/2

[Event "BIH-chT 21st"]
[Site "Sarajevo"]
[Date "2023.11.05"]
[Round "6.3"]
[White "Vukic, Milan"]
[Black "Jakovljevic, Vlado"]
[Result "0-1"]
[WhiteElo "2362"]
[BlackElo "2369"]
[PlyCount "136"]
[EventDate "2023.10.31"]
[EventType "team-tourn"]
[EventRounds "9"]
[EventCountry "BIH"]
[SourceTitle "Mega2024 Update 01"]
[Source "Chessbase"]
[SourceDate "2023.11.12"]
[SourceVersion "1"]
[SourceVersionDate "2023.11.12"]
[SourceQuality "1"]
[WhiteTeam "Bihac"]
[BlackTeam "Pazaric Bjelasnica"]
[WhiteTeamCountry "BIH"]
[BlackTeamCountry "BIH"]

1. Nf3 d5 2. g3 c5 3. Bg2 Nc6 4. c4 d4 5. d3 e5 6. 0-0 Nf6 7. e3 Be7 8. exd4 exd4 9. Bf4 0-0 10. Ne5 Nxe5 11. Bxe5 Ng4 12. Bf4 Bd6 13. h3 Nf6 14. Bg5 h6 15. Bxf6 Qxf6 16. Nd2 Rb8 17. Ne4 Qg6 18. Re1 Be7 19. h4 Bd7 20. f4 Rbe8 21. Kf2 Kh7 22. b3 Qb6 23. Rc1 Qc7 24. Qh5 g6 25. Qd1 f5 26. Nd2 Bf6 27. Nf3 Bc6 28. Qd2 Re3 29. Rxe3 dxe3+ 30. Kxe3 Bxf3 31. Bxf3 Bd4+ 32. Ke2 Re8+ 33. Kf1 Re3 34. Qg2 b6 35. Re1 Rxd3 36. h5 Re3 37. Rxe3 Bxe3 38. hxg6+ Kxg6 39. Qh3 Qd7 40. Qh5+ Kg7 41. Bd5 Bd4 42. g4 fxg4 43. f5 Kf6 44. Qg6+ Ke5 45. Be6 Qc6 46. Qg7+ Kf4 47. Qxh6+ Kg3 48. Ke2 Qf3+ 49. Kd2 Qc3+ 50. Ke2 Qc2+ 51. Qd2 Qxd2+ 52. Kxd2 Kf2 53. f6 g3 54. f7 Bg7 55. Bd5 g2 56. Bxg2 Kxg2 57. Kd3 Bf8 58. Ke4 Kf2 59. Kd5 Ke3 60. Kc6 Kd4 61. Kb7 Kc3 62. Kxa7 Kb2 63. Kxb6 Kxa2 64. b4 cxb4 65. c5 b3 66. c6 b2 67. c7 b1Q+ 68. Kc6 Qg6+ 0-1

[Event "BIH-chT 21st"]
[Site "Sarajevo"]
[Date "2023.11.02"]
[Round "3.3"]
[White "Vukic, Milan"]
[Black "Kosic, Dragan"]
[Result "1/2-1/2"]
[WhiteElo "2362"]
[BlackElo "2395"]
[PlyCount "24"]
[EventDate "2023.10.31"]
[EventType "team-tourn"]
[EventRounds "9"]
[EventCountry "BIH"]
[SourceTitle "Mega2024 Update 01"]
[Source "Chessbase"]
[SourceDate "2023.11.12"]
[SourceVersion "1"]
[SourceVersionDate "2023.11.12"]
[SourceQuality "1"]
[WhiteTeam "Bihac"]
[BlackTeam "Sarajevo Napredak"]
[WhiteTeamCountry "BIH"]
[BlackTeamCountry "BIH"]

1. Nf3 Nf6 2. g3 c5 3. c4 Nc6 4. Bg2 d5 5. 0-0 e5 6. Qa4 Bd6 7. Ng5 0-0 8. cxd5 Nd4 9. Re1 h6 10. Ne4 Nxd5 11. Nxd6 Qxd6 12. Nc3 Nb4 1/2-1/2

[Event "BIH-chT 21st"]
[Site "Sarajevo"]
[Date "2023.11.01"]
[Round "2.3"]
[White "Hodzic, Nihad"]
[Black "Vukic, Milan"]
[Result "0-1"]
[WhiteElo "2248"]
[BlackElo "2362"]
[PlyCount "62"]
[EventDate "2023.10.31"]
[EventType "team-tourn"]
[EventRounds "9"]
[EventCountry "BIH"]
[SourceTitle "Mega2024 Update 01"]
[Source "Chessbase"]
[SourceDate "2023.11.12"]
[SourceVersion "1"]
[SourceVersionDate "2023.11.12"]
[SourceQuality "1"]
[WhiteTeam "Konjic Igman"]
[BlackTeam "Bihac"]
[WhiteTeamCountry "BIH"]
[BlackTeamCountry "BIH"]

1. e4 c5 2. Nf3 e6 3. c3 d5 4. e5 Nc6 5. d4 Qb6 6. Bd3 cxd4 7. 0-0 Bd7 8. Re1 Rc8 9. h4 h6 10. Nbd2 dxc3 11. bxc3 Na5 12. Rb1 Qc7 13. Nd4 a6 14. f4 Ne7 15. N2f3 g6 16. h5 Rg8 17. hxg6 fxg6 18. Nh4 Qxc3 19. Bb2 Qc5 20. Kh1 Nac6 21. Nxc6 Bxc6 22. Nxg6 Nxg6 23. Bd4 Qe7 24. Bxg6+ Rxg6 25. f5 Qh4+ 26. Kg1 exf5 27. Rb2 Qg4 28. Qd2 f4 29. e6 Bd6 30. Qd3 Rc7 31. Rf2 Re7 0-1

[Event "BIH-chT1 30th"]
[Site "Gorazde"]
[Date "2023.08.31"]
[Round "9.2"]
[White "Halilovic, Fahrudin"]
[Black "Vukic, Milan"]
[Result "0-1"]
[WhiteElo "2035"]
[BlackElo "2367"]
[PlyCount "58"]
[EventDate "2023.08.26"]
[EventType "team-tourn"]
[EventRounds "9"]
[EventCountry "BIH"]
[SourceTitle "EXT 2024"]
[Source "ChessBase"]
[SourceDate "2023.10.10"]
[SourceVersion "1"]
[SourceVersionDate "2023.10.10"]
[SourceQuality "1"]

1. e4 c5 2. Nf3 e6 3. d4 cxd4 4. Nxd4 Nf6 5. Nc3 Nc6 6. Ndb5 d6 7. Bf4 e5 8. Bg5 a6 9. Na3 b5 10. Bxf6 gxf6 11. Nd5 f5 12. Bxb5 axb5 13. Nxb5 Ra4 14. Nbc7+ Kd7 15. 0-0 Rxe4 16. Qh5 Ne7 17. Qxf7 Kc6 18. c4 Qd7 19. Nb5 Ng6 20. Nb4+ Kb6 21. Qd5 Nf4 22. Qd2 Rg8 23. g3 Bb7 24. f3 Re2 25. Qd1 Qg7 26. c5+ Ka5 27. Rf2 Nh3+ 28. Kf1 Rxf2+ 29. Ke1 Rxh2 0-1

[Event "BIH-chT1 30th"]
[Site "Gorazde"]
[Date "2023.08.30"]
[Round "7.2"]
[White "Besirevic, Jasmin"]
[Black "Vukic, Milan"]
[Result "0-1"]
[WhiteElo "1835"]
[BlackElo "2367"]
[PlyCount "88"]
[EventDate "2023.08.26"]
[EventType "team-tourn"]
[EventRounds "9"]
[EventCountry "BIH"]
[SourceTitle "EXT 2024"]
[Source "ChessBase"]
[SourceDate "2023.10.10"]
[SourceVersion "1"]
[SourceVersionDate "2023.10.10"]
[SourceQuality "1"]

1. d4 Nf6 2. Nf3 d6 3. Bg5 Nbd7 4. c4 c6 5. Nc3 e5 6. dxe5 dxe5 7. a3 Be7 8. Qc2 0-0 9. h3 h6 10. Bh4 Nh5 11. Bxe7 Qxe7 12. e3 Nhf6 13. Be2 g6 14. 0-0 a5 15. Rfd1 Re8 16. Qd2 a4 17. Qd6 Qxd6 18. Rxd6 Kg7 19. Bd1 Nc5 20. Bc2 Nfd7 21. Rdd1 Nb6 22. Nd2 Be6 23. Rac1 Nxc4 24. Nxc4 Bxc4 25. Ne4 Nxe4 26. Bxe4 Be6 27. Rc5 Kf6 28. f4 exf4 29. exf4 Red8 30. Bf3 Bb3 31. Re1 Rd2 32. Re2 Rxe2 33. Bxe2 Rd8 34. Bf3 Rd2 35. Ra5 Rxb2 36. Kh2 Ke6 37. Ra7 Bc2 38. Bg4+ Kd6 39. h4 h5 40. Bh3 Kc7 41. Ra5 Rb3 42. Rc5 Bd3 43. f5 Rxa3 44. f6 Kd6 0-1

[Event "BIH-chT1 30th"]
[Site "Gorazde"]
[Date "2023.08.30"]
[Round "8.2"]
[White "Vukic, Milan"]
[Black "Muratovic, Efim"]
[Result "1/2-1/2"]
[WhiteElo "2367"]
[BlackElo "2304"]
[PlyCount "29"]
[EventDate "2023.08.26"]
[EventType "team-tourn"]
[EventRounds "9"]
[EventCountry "BIH"]
[SourceTitle "EXT 2024"]
[Source "ChessBase"]
[SourceDate "2023.10.10"]
[SourceVersion "1"]
[SourceVersionDate "2023.10.10"]
[SourceQuality "1"]

1. Nf3 Nf6 2. g3 d5 3. Bg2 h6 4. 0-0 c6 5. b3 Bf5 6. Bb2 e6 7. c4 Be7 8. d3 0-0 9. Nbd2 a5 10. a3 Bh7 11. Ra2 Nbd7 12. Qa1 Qb6 13. Ne5 Nxe5 14. Bxe5 Rfc8 15. Rc1 1/2-1/2

[Event "BIH-chT1 30th"]
[Site "Gorazde"]
[Date "2023.08.28"]
[Round "4.2"]
[White "Vukic, Milan"]
[Black "Alimpic, Aleksa"]
[Result "1-0"]
[WhiteElo "2367"]
[BlackElo "2301"]
[PlyCount "89"]
[EventDate "2023.08.26"]
[EventType "team-tourn"]
[EventRounds "9"]
[EventCountry "BIH"]
[SourceTitle "EXT 2024"]
[Source "ChessBase"]
[SourceDate "2023.10.10"]
[SourceVersion "1"]
[SourceVersionDate "2023.10.10"]
[SourceQuality "1"]

1. Nf3 d5 2. g3 Nc6 3. d4 Bf5 4. Bg2 Nb4 5. Na3 e6 6. 0-0 Be7 7. Ne5 Nf6 8. c3 Nc6 9. Qa4 0-0 10. Nxc6 bxc6 11. Qxc6 Rb8 12. Qa4 c5 13. Nc2 Qc8 14. dxc5 Bxc5 15. Nd4 Bg4 16. Qd1 Bxd4 17. Qxd4 Bxe2 18. Re1 Qa6 19. b3 Qd3 20. Qe3 Qxe3 21. Bxe3 Ba6 22. Bxa7 Rbc8 23. Bd4 Nd7 24. a4 Rfe8 25. f4 f6 26. Bh3 Kf7 27. Re3 f5 28. b4 Bc4 29. Ree1 Nf6 30. Bxf6 gxf6 31. b5 Rb8 32. Reb1 Ke7 33. Bf1 Bxf1 34. Kxf1 Kd6 35. a5 Kc5 36. b6 Kc6 37. Ke2 Rb7 38. Kd3 Ra8 39. c4 Ra6 40. cxd5+ Kxd5 41. Rb5+ Kc6 42. Kc4 Rd7 43. Rc5+ Kb7 44. Kb5 h5 45. Rac1 1-0

[Event "BIH-chT1 30th"]
[Site "Gorazde"]
[Date "2023.08.27"]
[Round "2.2"]
[White "Vukic, Milan"]
[Black "Vajic, Goran"]
[Result "1-0"]
[WhiteElo "2367"]
[BlackElo "2302"]
[PlyCount "95"]
[EventDate "2023.08.26"]
[EventType "team-tourn"]
[EventRounds "9"]
[EventCountry "BIH"]
[SourceTitle "EXT 2024"]
[Source "ChessBase"]
[SourceDate "2023.10.10"]
[SourceVersion "1"]
[SourceVersionDate "2023.10.10"]
[SourceQuality "1"]

1. Nf3 Nf6 2. g3 g6 3. b3 Bg7 4. Bb2 0-0 5. Bg2 c5 6. c4 Nc6 7. 0-0 d6 8. d4 Ne4 9. e3 Bf5 10. Qe2 e5 11. d5 Ne7 12. Nh4 Nf6 13. Nxf5 Nxf5 14. Bh3 Ne7 15. e4 Nd7 16. Nd2 h6 17. f4 f5 18. exf5 Nxf5 19. fxe5 Nxe5 20. Bxf5 Rxf5 21. Ne4 Qe7 22. Kg2 Re8 23. Rae1 Rxf1 24. Qxf1 Rf8 25. Qe2 Re8 26. Bxe5 Bxe5 27. h4 Kg7 28. h5 g5 29. Qg4 Rf8 30. Rf1 Rxf1 31. Kxf1 Qf7+ 32. Ke2 b5 33. Qf3 Qd7 34. Nf2 bxc4 35. bxc4 Qa4 36. Qd3 Qxa2+ 37. Kf3 Kh8 38. Ng4 Bg7 39. Qe4 Qa4 40. Ne3 Qd7 41. Qg6 Kg8 42. Nf5 Qf7 43. Qxf7+ Kxf7 44. Nxd6+ Kf8 45. Nb7 Bd4 46. Ke4 Ke7 47. Na5 Bf2 48. Kf3 1-0

[Event "BIH-chT1 30th"]
[Site "Gorazde"]
[Date "2023.08.26"]
[Round "1.2"]
[White "Vukic, Milan"]
[Black "Cisic, Alan"]
[Result "0-1"]
[WhiteElo "2367"]
[BlackElo "2235"]
[PlyCount "70"]
[EventDate "2023.08.26"]
[EventType "team-tourn"]
[EventRounds "9"]
[EventCountry "BIH"]
[SourceTitle "EXT 2024"]
[Source "ChessBase"]
[SourceDate "2023.10.10"]
[SourceVersion "1"]
[SourceVersionDate "2023.10.10"]
[SourceQuality "1"]

1. Nf3 g6 2. d4 Bg7 3. c4 d6 4. Nc3 Nc6 5. d5 Ne5 6. Nxe5 Bxe5 7. e4 Nf6 8. Bd3 c6 9. h3 Nh5 10. Ne2 e6 11. dxc6 bxc6 12. g4 Ng7 13. Qa4 Bd7 14. Rb1 0-0 15. Be3 f5 16. exf5 exf5 17. f4 Bf6 18. g5 Be7 19. Kf2 Re8 20. Rhe1 Ne6 21. h4 Bf8 22. Rbd1 Qc7 23. Qc2 a5 24. b3 Bg7 25. Qd2 Rad8 26. Bc2 Bc8 27. Qc1 Bb7 28. Rg1 c5 29. Rg3 Qb6 30. Bd3 Nd4 31. Nc3 Re6 32. Re1 Rde8 33. Bf1 Qb4 34. Bd2 Rxe1 35. Bxe1 Nxb3 0-1

[Event "Bijeljina 1st"]
[Site "Bijeljina"]
[Date "2022.12.11"]
[Round "5"]
[White "Jakovljevic, Vlado"]
[Black "Vukic, Milan"]
[Result "1-0"]
[WhiteElo "2371"]
[BlackElo "2382"]
[PlyCount "115"]
[EventDate "2022.12.09"]
[EventType "tourn"]
[EventRounds "9"]
[EventCountry "BIH"]
[EventCategory "6"]
[SourceTitle "CBM 211 Extra"]
[Source "ChessBase"]
[SourceDate "2023.01.31"]
[SourceVersion "1"]
[SourceVersionDate "2023.01.31"]
[SourceQuality "1"]

1. Nf3 Nf6 2. c4 d6 3. d4 Nbd7 4. Nc3 c6 5. e4 e5 6. Be2 Be7 7. 0-0 0-0 8. Be3 Re8 9. d5 c5 10. Ne1 Nb6 11. a3 Bd7 12. b3 h6 13. Nd3 Nh7 14. Qd2 Bg5 15. f4 exf4 16. Bxf4 f6 17. Bh5 Re7 18. h4 Bxf4 19. Qxf4 Qc7 20. Bg6 Nf8 21. Bf5 a6 22. Qg3 Be8 23. Rf2 Bf7 24. Raf1 Kh8 25. e5 fxe5 26. Ne4 Rd8 27. Bh3 Nh7 28. Ndxc5 Nf6 29. Rxf6 gxf6 30. Rxf6 Bg8 31. Rxh6+ Rh7 32. Rxd6 Rxd6 33. Qxe5+ Qg7 34. Qxg7+ Kxg7 35. Nxd6 Kf6 36. Kf2 Ke5 37. Ndxb7 Nxd5 38. cxd5 Bxd5 39. Na5 Rxh4 40. Nxa6 Rf4+ 41. Ke3 Rf1 42. Nb4 Re1+ 43. Kd2 Ra1 44. Nxd5 Kxd5 45. a4 Kd4 46. Ke2 Rc1 47. Be6 Rc5 48. Nc4 Kc3 49. Ne3 Re5 50. Bc4 Kd4 51. a5 Rxe3+ 52. Kf2 Rc3 53. a6 Ke4 54. Kg1 Kf4 55. Kh2 Rc2 56. Bd5 Ra2 57. Bb7 Ke5 58. b4 1-0

[Event "Bijeljina 1st"]
[Site "Bijeljina"]
[Date "2022.12.11"]
[Round "6"]
[White "Vukic, Milan"]
[Black "Lazic, Miroljub"]
[Result "1/2-1/2"]
[WhiteElo "2382"]
[BlackElo "2320"]
[PlyCount "28"]
[EventDate "2022.12.09"]
[EventType "tourn"]
[EventRounds "9"]
[EventCountry "BIH"]
[EventCategory "6"]
[SourceTitle "CBM 211 Extra"]
[Source "ChessBase"]
[SourceDate "2023.01.31"]
[SourceVersion "1"]
[SourceVersionDate "2023.01.31"]
[SourceQuality "1"]

1. Nf3 d5 2. g3 g6 3. Bg2 Bg7 4. d4 Nf6 5. 0-0 0-0 6. Nbd2 c6 7. c4 Bf5 8. b3 Ne4 9. Bb2 Nxd2 10. Qxd2 Be4 11. e3 Nd7 12. Qe2 e6 13. Bh3 Bxf3 14. Qxf3 a5 1/2-1/2

[Event "Bijeljina 1st"]
[Site "Bijeljina"]
[Date "2022.12.10"]
[Round "4"]
[White "Vukic, Milan"]
[Black "Sedlak, Nikola"]
[Result "1/2-1/2"]
[WhiteElo "2382"]
[BlackElo "2484"]
[PlyCount "39"]
[EventDate "2022.12.09"]
[EventType "tourn"]
[EventRounds "9"]
[EventCountry "BIH"]
[EventCategory "6"]
[SourceTitle "CBM 211 Extra"]
[Source "ChessBase"]
[SourceDate "2023.01.31"]
[SourceVersion "1"]
[SourceVersionDate "2023.01.31"]
[SourceQuality "1"]

1. Nf3 Nf6 2. g3 g6 3. b3 Bg7 4. Bb2 d6 5. c4 e5 6. Bg2 0-0 7. 0-0 c6 8. d3 Nbd7 9. Qc2 Re8 10. Nc3 a6 11. Nd2 Nf8 12. Nde4 Nxe4 13. dxe4 Be6 14. Rad1 Qc7 15. Ba3 Red8 16. c5 Qa5 17. Na4 dxc5 18. Bxc5 Rxd1 19. Rxd1 Rd8 20. Rxd8 1/2-1/2

[Event "Sarajevo Agentlocator Cup op 2nd"]
[Site "Sarajevo"]
[Date "2021.12.25"]
[Round "2"]
[White "Vukic, Milan"]
[Black "Muratovic, Efim"]
[Result "1-0"]
[WhiteElo "2392"]
[BlackElo "2327"]
[PlyCount "129"]
[EventDate "2021.12.23"]
[EventType "tourn"]
[EventRounds "9"]
[EventCountry "BIH"]
[SourceTitle "CBM 206 Extra"]
[Source "ChessBase"]
[SourceDate "2022.03.31"]
[SourceVersion "1"]
[SourceVersionDate "2022.03.31"]
[SourceQuality "1"]

1. Nf3 Nf6 2. g3 d5 3. Bg2 c6 4. 0-0 h6 5. b3 Bf5 6. Bb2 e6 7. d3 Be7 8. Nbd2 0-0 9. c4 a5 10. a3 Nbd7 11. Qc2 Bh7 12. Bc3 Qb6 13. Qb2 c5 14. cxd5 exd5 15. d4 Rfe8 16. dxc5 Bxc5 17. e3 Rac8 18. Rac1 Bf8 19. Bh3 Rc7 20. Bd4 Qd6 21. Rxc7 Qxc7 22. Rc1 Qd6 23. a4 Qb4 24. Qc3 Qxc3 25. Rxc3 Bd6 26. Rc1 g5 27. Bf1 g4 28. Ne1 Bb4 29. Nb1 Ne5 30. Bxe5 Rxe5 31. Nd3 Bxd3 32. Bxd3 Ne4 33. Bxe4 dxe4 34. Kf1 Rh5 35. Rc8+ Kg7 36. Nc3 Bxc3 37. Rxc3 b5 38. Rc7 Rd5 39. Re7 b4 40. Rxe4 Rd3 41. Rxg4+ Kf6 42. Rd4 Rxb3 43. Rd5 Rb1+ 44. Kg2 Ke6 45. Rxa5 Kd6 46. Rb5 Kc6 47. g4 b3 48. h4 Kd6 49. h5 Ke7 50. Kf3 Kf6 51. Kf4 Kg7 52. a5 b2 53. f3 Kh7 54. e4 Kg7 55. a6 Ra1 56. Rxb2 Rxa6 57. Rb5 Rc6 58. e5 Ra6 59. Kf5 Rc6 60. f4 Ra6 61. Rb7 Rc6 62. g5 hxg5 63. fxg5 Kg8 64. Rb8+ Kg7 65. h6+ 1-0

[Event "BIH-chT 19th"]
[Site "Neum"]
[Date "2021.09.21"]
[Round "6.4"]
[White "Dizdarevic, Emir"]
[Black "Vukic, Milan"]
[Result "1/2-1/2"]
[WhiteElo "2417"]
[BlackElo "2399"]
[PlyCount "20"]
[EventDate "2021.09.17"]
[EventType "team-tourn"]
[EventRounds "9"]
[EventCountry "BIH"]
[SourceTitle "EXT 2023"]
[Source "ChessBase"]
[SourceDate "2022.10.05"]
[SourceVersion "1"]
[SourceVersionDate "2022.10.05"]
[SourceQuality "1"]
[WhiteTeam "Sarajevo Napredak"]
[BlackTeam "Sarajevo SK"]
[WhiteTeamCountry "BIH"]
[BlackTeamCountry "BIH"]

1. d4 Nf6 2. Nf3 d6 3. Nbd2 Nbd7 4. e4 e5 5. c3 Be7 6. Be2 0-0 7. 0-0 b5 8. Qc2 Bb7 9. dxe5 Nxe5 10. Nxe5 dxe5 1/2-1/2

[Event "BIH-chT 19th"]
[Site "Neum"]
[Date "2021.09.20"]
[Round "4.4"]
[White "Jakovljevic, Vlado"]
[Black "Vukic, Milan"]
[Result "1/2-1/2"]
[WhiteElo "2337"]
[BlackElo "2399"]
[PlyCount "94"]
[EventDate "2021.09.17"]
[EventType "team-tourn"]
[EventRounds "9"]
[EventCountry "BIH"]
[SourceTitle "EXT 2023"]
[Source "ChessBase"]
[SourceDate "2022.10.05"]
[SourceVersion "1"]
[SourceVersionDate "2022.10.05"]
[SourceQuality "1"]
[WhiteTeam "Pazaric Bjelasnica"]
[BlackTeam "Sarajevo SK"]
[WhiteTeamCountry "BIH"]
[BlackTeamCountry "BIH"]

1. Nf3 Nf6 2. c4 d6 3. d4 Nbd7 4. Nc3 c6 5. e4 e5 6. Be2 Be7 7. 0-0 0-0 8. Be3 a6 9. d5 c5 10. Ne1 Ne8 11. Qd2 g6 12. Bh6 Ng7 13. Nd3 Kh8 14. Rae1 Rb8 15. a4 Qe8 16. b3 Bd8 17. Qc1 Qe7 18. Bd1 f6 19. f3 Ba5 20. Rf2 Kg8 21. Ref1 Re8 22. f4 exf4 23. Bxf4 Bd8 24. Bh6 Ne5 25. Nxe5 Qxe5 26. Bf4 Qe7 27. h3 Bd7 28. Bg3 Rf8 29. Be2 Ne8 30. Bd3 Ba5 31. Kh1 Bc7 32. Qc2 Rf7 33. Rb1 Ba5 34. Rbf1 Ng7 35. Bh2 Rbf8 36. Re2 Bc8 37. Nd1 Qd8 38. Ne3 Qe7 39. Rf3 Bd7 40. Ref2 Bc8 41. Qe2 Bc3 42. Rf1 Be5 43. Bxe5 fxe5 44. Rxf7 Rxf7 45. Kh2 a5 46. Rf3 Bd7 47. Qf2 Rxf3 1/2-1/2

[Event "BIH-chT 19th"]
[Site "Neum"]
[Date "2021.09.17"]
[Round "1.4"]
[White "Bilic, Vladimir"]
[Black "Vukic, Milan"]
[Result "1/2-1/2"]
[WhiteElo "2332"]
[BlackElo "2399"]
[PlyCount "71"]
[EventDate "2021.09.17"]
[EventType "team-tourn"]
[EventRounds "9"]
[EventCountry "BIH"]
[SourceTitle "EXT 2023"]
[Source "ChessBase"]
[SourceDate "2022.10.05"]
[SourceVersion "1"]
[SourceVersionDate "2022.10.05"]
[SourceQuality "1"]
[WhiteTeam "Brcko Jedinstvo"]
[BlackTeam "Sarajevo SK"]
[WhiteTeamCountry "BIH"]
[BlackTeamCountry "BIH"]

1. e4 c5 2. Nf3 e6 3. d4 cxd4 4. Nxd4 Nf6 5. Nc3 Nc6 6. Ndb5 d6 7. Bf4 e5 8. Bg5 h6 9. Na3 b5 10. Nd5 Be7 11. Bxf6 Bxf6 12. c3 Ne7 13. Nxf6+ gxf6 14. Qh5 Bb7 15. Bd3 d5 16. 0-0-0 Qb6 17. Qe2 0-0-0 18. exd5 Nxd5 19. Be4 Ne7 20. Nc2 Kb8 21. Bxb7 Qxb7 22. Ne3 Qe4 23. Rxd8+ Rxd8 24. Rd1 Rxd1+ 25. Qxd1 Kc7 26. Qh5 Qg6 27. Qf3 f5 28. g3 Qe6 29. b3 Qc6 30. Qxc6+ Kxc6 31. Kd2 Kd6 32. Kd3 e4+ 33. Kd2 Ke5 34. Ng2 Nd5 35. Ne3 Ne7 36. Ng2 1/2-1/2

[Event "BIH-ch 12th"]
[Site "Lukavac"]
[Date "2018.12.16"]
[Round "7"]
[White "Bajramovic, Halid"]
[Black "Vukic, Milan"]
[Result "0-1"]
[WhiteElo "2111"]
[BlackElo "2403"]
[PlyCount "198"]
[EventDate "2018.12.13"]
[EventType "swiss"]
[EventRounds "7"]
[EventCountry "BIH"]
[SourceTitle "CBM 187 Extra"]
[Source "ChessBase"]
[SourceDate "2018.11.04"]
[SourceVersion "1"]
[SourceVersionDate "2018.11.04"]
[SourceQuality "1"]

1. d4 Nf6 2. Nf3 d6 3. g3 Nbd7 4. Bg2 c6 5. c4 e5 6. dxe5 dxe5 7. Nc3 Be7 8. 0-0 0-0 9. b3 Qc7 10. Qc2 Re8 11. Bb2 Bf8 12. e3 a5 13. Rfd1 Nc5 14. h3 g6 15. e4 Nfd7 16. Ne2 f6 17. Bc3 Qb6 18. Rab1 Ne6 19. Nc1 c5 20. Nh2 Nd4 21. Qb2 a4 22. Ng4 Nb8 23. bxa4 Qxb2 24. Rxb2 Bxg4 25. hxg4 Rxa4 26. Bf1 Ra7 27. Nd3 Nd7 28. Ne1 b6 29. Ng2 Rea8 30. Ne3 Rxa2 31. Rxa2 Rxa2 32. Kg2 Be7 33. Nd5 Kf7 34. Ra1 Rxa1 35. Bxa1 Bd8 36. f4 Nf8 37. Bc3 Ke6 38. Kf2 Kd6 39. Bg2 Nfe6 40. Bf1 Ng7 41. Bd3 Kc6 42. Bf1 Ne8 43. Be2 Nd6 44. Bd3 g5 45. Ke3 Ne8 46. Be2 Bc7 47. Bd3 exf4+ 48. gxf4 gxf4+ 49. Nxf4 Be5 50. Nd5 Ng7 51. Be1 Nge6 52. Bh4 Ng5 53. Be1 Ndf3 54. Bc3 Nd4 55. Bf1 Nge6 56. Be1 Nf8 57. Bh4 Nd7 58. Bd3 Ne6 59. Be2 Kb7 60. Be1 Ka6 61. Bd2 Bd4+ 62. Kf3 Ng5+ 63. Kf4 Ne6+ 64. Kg3 Be5+ 65. Kh4 Nd4 66. Bd1 b5 67. cxb5+ Kxb5 68. g5 c4 69. Bc3 fxg5+ 70. Kxg5 Nc5 71. Bxd4 Bxd4 72. Kh6 Nxe4 73. Be2 Kc5 74. Nc7 c3 75. Bd3 Nf6 76. Na6+ Kd6 77. Nb4 Ke6 78. Nc2 Ke5 79. Be2 Bc5 80. Kg5 Bf8 81. Bd3 h6+ 82. Kh4 Kf4 83. Bg6 Bc5 84. Kh3 h5 85. Ne1 Bf2 86. Nc2 Kg5 87. Bd3 Nd5 88. Ba6 Nf4+ 89. Kh2 Kg4 90. Bc8+ Kf3 91. Bb7+ Ke2 92. Be4 h4 93. Bf5 Bc5 94. Na1 Bd6 95. Nc2 Kd2 96. Na1 Kc1 97. Kh1 Ne2 98. Be6 Kb2 99. Nb3 c2 0-1

[Event "BIH-ch 12th"]
[Site "Lukavac"]
[Date "2018.12.14"]
[Round "2"]
[White "Vukic, Milan"]
[Black "Mahmutbegovic, Muharem"]
[Result "1-0"]
[WhiteElo "2403"]
[BlackElo "2015"]
[PlyCount "49"]
[EventDate "2018.12.13"]
[EventType "swiss"]
[EventRounds "7"]
[EventCountry "BIH"]
[SourceTitle "CBM 187 Extra"]
[Source "ChessBase"]
[SourceDate "2018.11.04"]
[SourceVersion "1"]
[SourceVersionDate "2018.11.04"]
[SourceQuality "1"]

1. Nf3 g6 2. g3 Bg7 3. d4 Nf6 4. Bg2 0-0 5. 0-0 d6 6. b3 Nc6 7. Bb2 Nd7 8. Qd2 e5 9. dxe5 Ndxe5 10. c4 Re8 11. Rd1 Qe7 12. Nc3 Nxf3+ 13. exf3 Be6 14. Nd5 Bxd5 15. cxd5 Bxb2 16. Qxb2 Nb4 17. a3 Na6 18. Rac1 Rac8 19. Bh3 f5 20. f4 h5 21. b4 Nb8 22. Qd4 b6 23. Bf1 c5 24. dxc6 Nxc6 25. Rxc6 1-0

[Event "BIH-chT1"]
[Site "Bosanska Krupa"]
[Date "2018.08.26"]
[Round "3"]
[White "Trumic, Enes"]
[Black "Vukic, Milan"]
[Result "0-1"]
[WhiteElo "2244"]
[BlackElo "2386"]
[PlyCount "138"]
[EventDate "2018.08.25"]
[EventType "tourn"]
[EventRounds "9"]
[EventCountry "BIH"]
[SourceTitle "CBM 186 Extra"]
[Source "ChessBase"]
[SourceDate "2018.08.24"]
[SourceVersion "1"]
[SourceVersionDate "2018.08.24"]
[SourceQuality "1"]

1. d4 Nf6 2. c4 d6 3. Nc3 Nbd7 4. e4 e5 5. d5 Nc5 6. Qc2 a5 7. h3 Be7 8. g4 0-0 9. Be3 Ne8 10. Nf3 b6 11. Rg1 Bd7 12. h4 Nf6 13. Nh2 h6 14. Be2 Nh7 15. Nf3 Bxh4 16. Nxh4 Qxh4 17. 0-0-0 Qe7 18. Rh1 Ng5 19. f3 f6 20. Kb1 Kf7 21. Rdf1 Rh8 22. Qd2 Nh7 23. Bd1 Kg8 24. Bc2 Nf8 25. Rh2 g5 26. Ne2 Ng6 27. Ng3 Nf4 28. Bxf4 exf4 29. Ne2 Qe5 30. Nd4 Kg7 31. Re1 Rae8 32. Qc3 Rh7 33. a3 a4 34. Ka2 Reh8 35. Reh1 Kf8 36. Qd2 Be8 37. Rh3 h5 38. gxh5 Rxh5 39. Rxh5 Bxh5 40. Nc6 Qe8 41. Qc3 Kg7 42. Rg1 Kf7 43. Rf1 Bg6 44. Rf2 Rh3 45. Qb4 Kg7 46. Qb5 Qa8 47. Nd4 Be8 48. Qb4 Bd7 49. Qd2 Qe8 50. Rh2 Qh5 51. Rxh3 Qxh3 52. Qe2 Qh1 53. Bd1 Qg1 54. Qd2 Qf1 55. Qe2 Qxe2 56. Nxe2 Kh6 57. Kb1 f5 58. exf5 Bxf5+ 59. Bc2 Bh3 60. Kc1 Bg2 61. Nd4 Bf1 62. Nb5 Bxc4 63. Nxc7 g4 64. Kd2 g3 65. Ke1 Kg5 66. Bh7 Kf6 67. Bg8 Nd3+ 68. Kf1 Nxb2+ 69. Kg1 Nd1 0-1